| 000 | 00757nam a22002177a 4500 | ||
|---|---|---|---|
| 999 |
_c4199 _d4199 |
||
| 003 | AR-CdUCM | ||
| 008 | 190308b ||||| |||| 00| 0 spa d | ||
| 040 |
_aMUNICIPALIDAD PROVINCIAL DEL CUSCO _cBIBLIOTECA MUNICIPAL DEL CUSCO |
||
| 082 |
_a780.7 / _bS42 |
||
| 100 |
_aSerrallach, Lorenzo _913302 |
||
| 245 | _aNueva pedagogía musical / | ||
| 260 |
_aBueno Aires : _bRicordi Americana, _c1943. |
||
| 300 |
_a292 páginas ; _c18 cm. |
||
| 505 | _aPedagogía general -- Educación intelectual -- Didáctica -- El solfeo -- Teoría musical -- Historia Musical... | ||
| 650 |
_aPedagogía. _91560 |
||
| 650 |
_aSolfeo. _913303 |
||
| 650 |
_aTeoría musical. _913304 |
||
| 650 |
_aHistoria musical. _913305 |
||
| 942 |
_2ddc _cLIBROS |
||
| 945 |
_awfj _d2019-03-08 |
||